Compendio di Diritto del Lavoro

Bibliographic Details
Main Author: di Pirro, Massimiliano
Format: eBook
Language:Italian
Published: Piacenza : Casa Editrice La Tribuna, 2011
Subjects:
Online Access:Acceso restringido

MARC

LEADER 00000nam a22000007a 4500
005 20120807152322.0
007 cr|||| ||||
008 120807s2011 it |||||s|||| 00||0 ita d
020 |a 9788861327894 
035 |a 6603 
040 |a vLex 
090 |c 3349  |d 3349 
100 1 |a di Pirro, Massimiliano 
245 1 0 |a Compendio di Diritto del Lavoro  |h [Recurso electrn̤ico] /  |c Massimiliano di Pirro 
256 |a Servicio en ln̕ea 
260 |a Piacenza :  |b Casa Editrice La Tribuna,  |c 2011 
300 |a 1 recurso electrn̤ico 
506 1 |a contenido solo disponible en los productos indicados  |d vLex Global   |d vLex Global (Academic Edition, excluding Law Schools)   |d vLex Global (U.S. Academic Edition, Law Schools)   |d vLex Global (U.S. Academic Edition, excluding Law Schools)   |d vLex Global (Academic Edition, Law Schools)  
650 0 4 |a Derecho del trabajo  |z Italia 
740 0 |a vLex Libros (Servicio en ln̕ea) 
856 4 0 |u http://vlex.com/source/compendio-diritto-lavoro-6603  |z Acceso restringido 
942 |c BOOK 
999 0 |a Labor laws and legislation